Statistics for Chemical Elements NOT Ending in M, N, or E

Click here to take the quiz!

General Stats

  • This quiz has been taken 43 times
  • The average score is 9 of 13

Answer Stats

Final Letter Element % Correct
CZinc
89%
DGold
89%
RSilver
89%
TCobalt
77%
CArsenic
74%
RCopper
74%
YMercury
71%
DLead
69%
SPhosphorus
63%
YAntimony
63%
RSulfur
51%
LNickel
40%
HBismuth
34%

Score Distribution

Percentile by Number Answered

Percent of People with Each Score

Your Score History

You have not taken this quiz